000 00643cam a2200241 4500
001 J108580
008 000000n1997 000 0 eng u
035 _a(Sirsi) u108580
050 _a333.337
110 _aWeatherall Green and Smith
_92055
245 _aUK property forecasts 1997-2001 - Summer 1997
260 _aLondon
_bWeatherall Green & Smith
_c1997
300 _a14p. ; 30cm.
650 _aRETAIL
650 _aOFFICES
650 _aINDUSTRIAL
650 _aRENTS
650 _aYIELDS
650 _aSTATISTICS
650 _aFORECASTS
690 _aPROPERTY-COMMERCIAL PROPERTY-COMMERCIAL PROPERTY MARKET
942 _n0
999 _c100830
_d100830